ბათუმის შოთა რუსთაველის სახელმწიფო უნივერსიტეტის ბიბლიოთეკა

ეკონომიკურ-ფილოსოფიური ესეები = Economic-philosofic essayes = Экономико-философские эссеи / (ბიბ.ჩანაწერი № 63025)

000 -ლიდერი
ფიქსირებული სიგრძის საკონტროლო ველი 01289nam a22002177a 4500
003 - საკონტროლო ნომრის იდენტიფიკატორი
საკონტროლო ველი Ge_BSU
005 - ბოლო ოპერაციის თარიღი და დრო
საკონტროლო ველი 20250508160035.0
008 - ფიქსირებული სიგრძის მონაცემთა ელემენტები - ზოგადი ინფორმაცია
ფიქსირებული სიგრძის საკონტროლო ველი 250508s2001 ge ||||| |||| 00| 0 geo d
041 ## - ენის კოდი
Language code of text/sound track or separate title geo
080 ## - უნივერსალური ათობითი კლასიფიკაციის ინდექსი
Universal Decimal Classification number 330.106:1 მ-20
100 ## - მთავარი ჩანაწერი - პიროვნების სახელი
Personal name მალაშხია, გიორგი
9 (RLIN) 7239
245 ## - ცნობა სათაურის შესახებ
Title ეკონომიკურ-ფილოსოფიური ესეები = Economic-philosofic essayes = Экономико-философские эссеи /
Statement of responsibility, etc გ. მალაშხია; რედ. ბ. მარკოვი, ჯ. ჯალაღონია; ეკონომიკისა და სოც. პრობლემების ს.-კ. ინ-ტი.
264 ## - წარმოების, გამოცემის, დისტრიბუციის და სხვა ცნობები
გამოცემის, წარმოების, დისტრიბუციის... ადგილი თბ. :
გამოცემის, წარმოების, დისტრიბუციის... სახელწოდება ეგრისი,
გამოცემის, წარმოების, დისტრიბუციის... თარიღი 2001.
300 ## - ფიზიკური აღწერა
Extent 248გვ. ;
Other physical details 20სმ.
504 ## - BIBLIOGRAPHY, ETC. NOTE
Bibliography, etc ბიბლიოგრ. ტექსტის შენიშვნებში.
653 ## - INDEX TERM--UNCONTROLLED
Uncontrolled term ეკონომიკის ფილოსოფია
700 ## - ADDED ENTRY--PERSONAL NAME
Personal name მარკოვი, ბ.
Relator term რედაქტორი
9 (RLIN) 25025
700 ## - ADDED ENTRY--PERSONAL NAME
Personal name ჯალაღონია, ჯ.
Relator term რედაქტორი
9 (RLIN) 25026
710 ## - ADDED ENTRY--CORPORATE NAME
Corporate name or jurisdiction name as entry element ეკონომიკისა და სოც. პრობლემების ს.-კ. ინ-ტი.
9 (RLIN) 25027
942 ## - ADDED ENTRY ELEMENTS (KOHA)
Source of classification or shelving scheme
Koha item type წიგნი
ეგზემპლარები
ჩამოწერის სტატუსი დაკარგული ეგზემპლარის სტატუსი კლასიფიკაციის წყარო ან თაროზე გაწყობის სქემა დაზიანების სტატუსი არ გაიცემა მუდმივი მდებარეობა (დაცვის ადგილი) ამჟამინდელი ადგილსამყოფელი თაროზე განთავსების ადგილი შეძენის თარიღი ღირებულება, შესყიდვის ნორმალური ფასი სრული შენახვის შიფრი შტრიხკოდი ბოლო ოპერაციის თარიღი ეგზემპლარის მიმდევრობითი ნომერი (კეტერი?) ფასის ძალაში შესვლის თარიღი ეგზემპლარის სახეობა საჯარო შენიშვნა
          ბათუმის შოთა რუსთაველის სახელმწიფო უნივერსიტეტის მთავარი ბიბლიოთეკა ბათუმის შოთა რუსთაველის სახელმწიფო უნივერსიტეტის მთავარი ბიბლიოთეკა წიგნსაცავი 2025-05-08 8.00 330.106:1 მ-20 71379 2025-05-08 71379 2025-05-08 წიგნი 8 ლ.
          ბათუმის შოთა რუსთაველის სახელმწიფო უნივერსიტეტის მთავარი ბიბლიოთეკა ბათუმის შოთა რუსთაველის სახელმწიფო უნივერსიტეტის მთავარი ბიბლიოთეკა წიგნსაცავი 2025-05-08 8.00 330.106:1 მ-20 71380 2025-05-08 71380 2025-05-08 წიგნი 8 ლ.
          ბათუმის შოთა რუსთაველის სახელმწიფო უნივერსიტეტის მთავარი ბიბლიოთეკა ბათუმის შოთა რუსთაველის სახელმწიფო უნივერსიტეტის მთავარი ბიბლიოთეკა წიგნსაცავი 2025-05-08 8.00 330.106:1 მ-20 71381 2025-05-08 71381 2025-05-08 წიგნი 8 ლ.